The Princess of Nyakyusa. (Record no. 12388)
[ view plain ]
| 000 -LEADER | |
|---|---|
| fixed length control field | 00480cam a22001812 4500 |
| 001 - CONTROL NUMBER | |
| control field | 0000000538 |
| 005 - DATE AND TIME OF LATEST TRANSACTION | |
| control field | 20151217155803.0 |
| 008 - FIXED-LENGTH DATA ELEMENTS--GENERAL INFORMATION | |
| fixed length control field | 070208s xx 000 0 eng d |
| 040 ## - CATALOGING SOURCE | |
| Original cataloging agency | KABU |
| Transcribing agency | KABU |
| 050 #0 - LIBRARY OF CONGRESS CALL NUMBER | |
| Classification number | DT443.3 |
| Item number | .N92C43 |
| 100 1# - MAIN ENTRY--PERSONAL NAME | |
| Personal name | Charley, S. R. |
| -- | 0000148758 |
| 245 14 - TITLE STATEMENT | |
| Title | The Princess of Nyakyusa. |
| 260 ## - PUBLICATION, DISTRIBUTION, ETC. (IMPRINT) | |
| Place of publication, distribution, etc. | Nairobi : |
| Name of publisher, distributor, etc. | EAPH, |
| Date of publication, distribution, etc. | 1969. |
| 300 ## - PHYSICAL DESCRIPTION | |
| Extent | xii, 125 p. |
| 908 ## - PUT COMMAND PARAMETER (RLIN) | |
| Put command parameter | 070208 |
| 950 ## - LOCAL HOLDINGS (RLIN) | |
| -- | 1 |
| Withdrawn status | Lost status | Source of classification or shelving scheme | Not for loan | Home library | Current library | Date acquired | Total Checkouts | Full call number | Barcode | Date last seen | Price effective from | Koha item type |
|---|---|---|---|---|---|---|---|---|---|---|---|---|
| Library of Congress Classification | Kabarak, Main Campus | Kabarak, Main Campus | 17/12/2015 | DT443.3 .N92C43 | 001794 | 17/12/2015 | 17/12/2015 | Africana Collection |